000 01090nac a22003137a 4500
001 BR8100910
003 BR-BrBNA
005 20240105114921.0
008 230509b bl.|||m| |||| 00| 0 por d
040 _aBR-BrBNA
_bpor
_cBiblioteca Nacional de Agricultura
072 _aF22
090 _a0430 BR8100910
100 1 _aGalvao, S.J.
100 1 _aGomes, I.F.
100 1 _aBezerra, J.E.S.
110 1 _aCentro Nacional de Pesquisa do Algodao, Campina Grande, PB (Brasil)
_91702
245 1 _aCaracterizacao fisico-quimico dos solos do municipio de Sao Mamede Paraiba [Algodao; Brasil]
246 1 _a[Physical-chemical characterization of the soils from Sao Mamede county, Paraiba [Cotton; Brazil]]
260 3 _aCampina Grande, PB (Brasil):
_c1980.
300 _a4 p.
490 _aComunicado Tecnico - Centro Nacional de Pesquisa do Algodao (Brazil)
_vno. 4
_x
650 _aQuimica do solo
650 _aFisica do solo
650 _aAnalise do solo
650 _aSolo
650 _aParaiba
909 _a202312
_bLúcia Elande
_c55
_dLúcia Elande
942 _2AGRIS
_n0
_cMS
999 _c272025
_d272025